PSA and prostate cancer / (Record no. 14461)
[ view plain ]
| 000 -LEADER | |
|---|---|
| fixed length control field | 00502cam a22001694a 4500 |
| 020 ## - ISBN | |
| International Standard Book Number | 9781608768950 (hardcover) |
| 050 00 - LIBRARY OF CONGRESS CALL NUMBER | |
| Classification Number | RC 280.P7 |
| Item Number | P8 2010 |
| 245 00 - TITLE | |
| Title | PSA and prostate cancer / |
| Statement of responsibility, etc | Jake A. Saylor and Lionel B. Michaels, editors. |
| 260 ## - PUBLICATION, DISTRIBUTION, ETC.(IMPRINT) | |
| Place of publication, distribution, etc | New York : |
| Name of publisher, distributor, etc | Nova Biomedical Books, |
| Date of publication, distribution, etc | c2010. |
| 300 ## - PHYSICAL DESCRIPTION | |
| Extent | xiv, 241 p. : |
| 650 #0 - SUBJECT--TOPIC | |
| General subdivision | Diagnostic use. |
| 650 #0 - SUBJECT--TOPIC | |
| General subdivision | Cancer |
| -- | Diagnosis. |
| 650 12 - SUBJECT--TOPIC | |
| General subdivision | drug therapy. |
| 700 1# - ADDED ENTRY--PERSONAL AUTHOR | |
| Personal Name | Saylor, Jake A. |
| 700 1# - ADDED ENTRY--PERSONAL AUTHOR | |
| Personal Name | Michaels, Lionel B. |
| 942 ## - ADDED ENTRY ELEMENTS(KOHA) | |
| Source of classification or shelving scheme | Library of Congress Classification |
| Koha item type | General circulation |
| Source of classification or shelving scheme | Not for loan | Location (home branch) | Sublocation (holding branch) | Shelving location | Date accessioned | Full call number | Barcode | Koha item type | Public note |
|---|---|---|---|---|---|---|---|---|---|
| Library of Congress Classification | Main Campus Library | Main Campus Library | 24/05/2016 | RC 280.P7 2010 | 2016/018546 | General circulation | em |